Statistics for 10 Most Amount of Casualties By Country in WWI In 30 Seconds

Click here to take the quiz!

General Stats

  • This quiz has been taken 162 times
  • The average score is 7 of 10

Answer Stats

Total CasualtiesCountry% Correct
1,700,000German Empire
98%
2,254,369Russia
95%
887,858Great Britian
93%
1,397,800France
92%
116,708United States
81%
1,494,200Austria Hungary
73%
651,000Italy
63%
771,844Ottoman Empire
47%
335,706Romania
36%
450,000Serbia
36%

Score Distribution

Percentile by Number Answered

Percent of People with Each Score

Your Score History

You have not taken this quiz